Common Knowledge #23 - Statistics

General Stats
  • This quiz has been taken 810 times
  • The average score is 14 of 20
Answer Stats
Hint Answer % Correct
What movie contains a man-eating shark? Jaws
95%
What sport did David Beckham play? Soccer/Football
91%
Which color pill does Neo swallow in The Matrix? Red
89%
What kind of food is Penne? Pasta
88%
In what US State is the city Nashville? Tennessee
86%
What band was Harry Styles in before his solo career? One Direction
85%
What is the smallest planet in our solar system? Mercury
83%
What time zone is New York in? Eastern Time Zone
75%
What sport did Wayne Gretzky play? Hockey
73%
Which popular video game franchise has released games with the subtitles World At War and Black Ops? Call of Duty
72%
What comes after trillion? Quadrillion
69%
How many notes are there in a musical scale? 7
66%
What was the Turkish city of Istanbul called before 1930? Constantinople
61%
What is a male sheep? Ram
59%
Which southern Italian city is usually credited as the birthplace of the pizza? Naples
56%
What are people from Norway called? Norwegians
56%
a^2+b^2=c^2 is more commonly known as? Pythagorean Theorem
43%
What element is denoted by the chemical symbol Sn in the periodic table? Tin
42%
Which Tennis Grand Slam is played on a clay surface? French Open
40%
Name the composer behind the soundtracks of The Lion King, Inception and Pirates of the Caribbean. Hanz Zimmer
33%
No matching quizzes found
Score Distribution
Percent of People with Each Score
Percentile by Number Answered
Your Score History
You have not taken this quiz